Administración financiera de empresas

Saved in:
Bibliografiske detaljer
Main Authors: Weston, John Frederick (Author), Brigham, Eugene F (Author)
Format: Bog
Sprog:spansk
Udgivet: Ciudad de México Interamericana 1975
Udgivelse:2a. ed
Fag:
Tags: Tilføj Tag
Ingen Tags, Vær først til at tagge denne postø!

MARC

LEADER 00000nam a2200000 a 4500
001 UCQ1113
003 CL-VaPUC
008 980709e19750000MX |||||||||||||||||spa|d
082 0 4 |a 658.15  |b WES  |2 21 
100 0 |a Weston, John Frederick  |e author  |9 414692 
700 0 |a Brigham, Eugene F  |e author  |9 414693 
245 1 0 |a Administración financiera de empresas 
250 |a 2a. ed 
300 |a 607 p 
942 |c BK 
945 |d 19980709 00:00:00  |a cmena 
260 |a Ciudad de México  |b Interamericana  |c 1975 
650 0 |a Administración financiera  |9 261146 
650 0 |a Administración de empresas   |9 260833 
650 7 |a PLANIFICACION Y CONTROL  |2 CL-VaPUC  |9 414694 
650 0 |a Control presupuestario  |9 345693 
650 0 |a Estados de cuentas  |9 352305 
583 |a last modification  |c 19980709 00:00:00  |k Rodrigo Vera 
999 |c 272117  |d 272115